Central Library OPAC University of Rajshahi

Democracy in America / (Record no. 36504)

MARC details
000 -LEADER
fixed length control field 01049nam a2200313u 4500
001 - CONTROL NUMBER
control field 36504
003 - CONTROL NUMBER IDENTIFIER
rucl marc code BD-RjUL
005 - DATE AND TIME OF LATEST TRANSACTION
control field 20211209052509.0
008 - FIXED-LENGTH DATA ELEMENTS--GENERAL INFORMATION
fixed length control field 140624s1899 nyucfh b 000 0 eng
035 ## - SYSTEM CONTROL NUMBER
System control number (BD-RjUL)36604
040 ## - CATALOGING SOURCE
Original cataloging agency DLC
Transcribing agency DLC
Modifying agency BD-RjUL
Language of cataloging eng
041 ## - LANGUAGE CODE
Language code of text/sound track or separate title eng
082 ## - DEWEY DECIMAL CLASSIFICATION NUMBER
Classification number 321.80973
Author mark and year TOD V-1 1899
100 1# - MAIN ENTRY--PERSONAL NAME
Personal name Tocqueville, Alexis de
Dates associated with a name 1805-1859.
9 (RLIN) 76828
245 10 - TITLE STATEMENT
Title Democracy in America /
Statement of responsibility, etc. Alexis de Tocqueville, Hon . John T. Morgan, Hon. John J. Ingalls
Number of part/section of a work V-1
250 ## - EDITION STATEMENT
Edition statement Rev. ed.
260 ## - PUBLICATION, DISTRIBUTION, ETC. (IMPRINT)
Place of publication, distribution, etc. New York :
Name of publisher, distributor, etc. The Colonial press,
Date of publication, distribution, etc. [c1899]
300 ## - PHYSICAL DESCRIPTION
Pagination xvii, 442 p. :
Illustrations ill., fronts. (ports.) plates, facsims. ;
Size 23 cm.
504 ## - BIBLIOGRAPHY, ETC. NOTE
Bibliography, etc Includes Bibliography.
650 #0 - SUBJECT ADDED ENTRY--TOPICAL TERM
Topical term or geographic name as entry element Democracy.
9 (RLIN) 111137
651 #0 - SUBJECT ADDED ENTRY--GEOGRAPHIC NAME
Geographic name United States
General subdivision Politics and government.
9 (RLIN) 111138
Geographic name United States
General subdivision Social conditions.
9 (RLIN) 111139
700 1# - ADDED ENTRY--PERSONAL NAME
Personal name Morgan, Hon . John T.
Personal name Ingalls, Hon. John J.
942 ## - ADDED ENTRY ELEMENTS (KOHA)
Source of classification or shelving scheme Dewey Decimal Classification
Koha item type Books
Holdings
Lost status Source of classification or shelving scheme Damaged status Not for loan Collection code Permanent Location Current Location Shelving location Date acquired Source of acquisition Cost, normal purchase price Total Checkouts Full call number Date last seen Copy number Koha item type
  Dewey Decimal Classification     Non-fiction Central Library, University of Rajshahi Central Library, University of Rajshahi   29/08/1957 Pub. United Ltd. 7.12   321.80973 TOD V-1 1899 24/06/2014 C-2 Books